Central Library OPAC University of Rajshahi

The structure of a retail market and the market behavior of retail units. (Record no. 15780)

MARC details
000 -LEADER
fixed length control field 00919nam a2200265 a 4500
001 - CONTROL NUMBER
control field 15780
003 - CONTROL NUMBER IDENTIFIER
rucl marc code BD-RjUL
005 - DATE AND TIME OF LATEST TRANSACTION
control field 20211208235903.0
008 - FIXED-LENGTH DATA ELEMENTS--GENERAL INFORMATION
fixed length control field 140210s1960 njua b 000 0 eng
035 ## - SYSTEM CONTROL NUMBER
System control number (BD-RjUL)15835
System control number (OCoLC)254705
040 ## - CATALOGING SOURCE
Original cataloging agency DLC
Transcribing agency ODaWU
Modifying agency OCoLC
-- DLC
-- BD-RjUL
Language of cataloging eng
041 ## - LANGUAGE CODE
Language code of text/sound track or separate title eng
082 ## - DEWEY DECIMAL CLASSIFICATION NUMBER
Classification number 658.87
Author mark and year HOS 1960
100 1# - MAIN ENTRY--PERSONAL NAME
Personal name Holdren, Bob R.
9 (RLIN) 48941
245 14 - TITLE STATEMENT
Title The structure of a retail market and the market behavior of retail units.
Statement of responsibility, etc. Bob R. Holdren.
260 ## - PUBLICATION, DISTRIBUTION, ETC. (IMPRINT)
Place of publication, distribution, etc. Englewood Cliffs, N.J. :
Name of publisher, distributor, etc. Prentice-Hall,
Date of publication, distribution, etc. c1960.
300 ## - PHYSICAL DESCRIPTION
Pagination 203 p. :
Illustrations illus. ;
Size 24 cm.
490 0# - SERIES STATEMENT
Series statement The Ford Foundation doctoral dissertation series,
Volume/sequential designation 1959
500 ## - GENERAL NOTE
General note "Originated as a doctoral dissertation at Yale University and is printed in substantially unaltered form."
504 ## - BIBLIOGRAPHY, ETC. NOTE
Bibliography, etc Includes bibliography.
650 #0 - SUBJECT ADDED ENTRY--TOPICAL TERM
Topical term or geographic name as entry element Retail trade.
9 (RLIN) 48942
942 ## - ADDED ENTRY ELEMENTS (KOHA)
Source of classification or shelving scheme Dewey Decimal Classification
Koha item type Books
Holdings
Lost status Source of classification or shelving scheme Damaged status Not for loan Collection code Permanent Location Current Location Shelving location Date acquired Source of acquisition Cost, normal purchase price Total Checkouts Full call number Date last seen Copy number Koha item type
  Dewey Decimal Classification   Not For Loan Non-fiction Central Library, University of Rajshahi Central Library, University of Rajshahi Reading Room 05/06/1964 Zeitlinger 36.00   658.87 HOS 1960 10/02/2014 C-1 Books
  Dewey Decimal Classification     Non-fiction Central Library, University of Rajshahi Central Library, University of Rajshahi   05/06/1964 Zeitlinger 36.00   658.87 HOS 1960 03/10/2016 C-2 Books